<?xml version="1.0" encoding="UTF-8"?>
<record
    xmlns:xsi="http://www.w3.org/2001/XMLSchema-instance"
    xsi:schemaLocation="http://www.loc.gov/MARC21/slim http://www.loc.gov/standards/marcxml/schema/MARC21slim.xsd"
    xmlns="http://www.loc.gov/MARC21/slim">

  <leader>01490nam a22002657a 4500</leader>
  <controlfield tag="005">20081106101154.0</controlfield>
  <controlfield tag="008">081106t        xxu||||| |||| 00| 0 hin d</controlfield>
  <datafield tag="010" ind1=" " ind2=" ">
    <subfield code="a">HIN-85429</subfield>
  </datafield>
  <datafield tag="020" ind1=" " ind2=" ">
    <subfield code="c">260.00</subfield>
    <subfield code="a">9788184880526</subfield>
  </datafield>
  <datafield tag="035" ind1=" " ind2=" ">
    <subfield code="a">HN-57775</subfield>
  </datafield>
  <datafield tag="037" ind1=" " ind2=" ">
    <subfield code="b">DBAD / PUB</subfield>
  </datafield>
  <datafield tag="040" ind1=" " ind2=" ">
    <subfield code="a">DPL</subfield>
    <subfield code="b">HN</subfield>
  </datafield>
  <datafield tag="082" ind1=" " ind2=" ">
    <subfield code="a">657.42</subfield>
  </datafield>
  <datafield tag="100" ind1=" " ind2=" ">
    <subfield code="a"> &#x905;&#x930;&#x94B;&#x921;&#x93C;&#x93E;, &#x90F;&#x92E;.&#x90F;&#x928;.</subfield>
  </datafield>
  <datafield tag="245" ind1=" " ind2=" ">
    <subfield code="a">&#x932;&#x93E;&#x917;&#x924; &#x932;&#x947;&#x916;&#x93E;&#x902;&#x915;&#x928; :</subfield>
    <subfield code="c">&#x90F;&#x92E;.&#x90F;&#x928;.&#x905;&#x930;&#x94B;&#x921;&#x93C;&#x93E; &#x924;&#x925;&#x93E; &#x92A;&#x94D;&#x930;&#x93F;&#x92F;&#x902;&#x915;&#x93E; &#x915;&#x924;&#x92F;&#x93E;&#x932; </subfield>
    <subfield code="b">&#x926;&#x93F;&#x932;&#x94D;&#x932;&#x940; &#x935;&#x93F;&#x936;&#x94D;&#x935;&#x935;&#x93F;&#x926;&#x94D;&#x92F;&#x93E;&#x932;&#x92F; &#x915;&#x947; &#x92C;&#x940; &#x915;&#x949;&#x92E; &#x915;&#x93E;&#x930;&#x94D;&#x92F;&#x915;&#x94D;&#x930;&#x92E; &#x915;&#x947; &#x92A;&#x93E;&#x920;&#x94D;&#x92F;&#x915;&#x94D;&#x930;&#x92E;&#x93E;&#x928;&#x941;&#x938;&#x93E;&#x930; /</subfield>
  </datafield>
  <datafield tag="246" ind1=" " ind2=" ">
    <subfield code="a">Laagata lekhaankana </subfield>
    <subfield code="b">by M.N. Arora &amp; Priyanka Katyal </subfield>
  </datafield>
  <datafield tag="260" ind1=" " ind2=" ">
    <subfield code="a">&#x92E;&#x941;&#x92E;&#x94D;&#x92C;&#x908;</subfield>
    <subfield code="b">&#x939;&#x93F;&#x92E;&#x93E;&#x932;&#x92F; &#x92A;&#x92C;&#x94D;&#x932;&#x93F;&#x936;&#x93F;&#x902;&#x917; &#x939;&#x93E;&#x90A;&#x938;</subfield>
    <subfield code="c">2008</subfield>
  </datafield>
  <datafield tag="270" ind1=" " ind2=" ">
    <subfield code="a">&#x930;&#x93E;&#x92E;&#x926;&#x942;&#x924; &#x921;&#x949;.&#x92D;&#x93E;&#x932;&#x947;&#x930;&#x93E;&#x935; &#x92E;&#x93E;&#x930;&#x94D;&#x917; &#x917;&#x93F;&#x930;&#x917;&#x93E;&#x901;&#x935;(&#x915;&#x947;&#x932;&#x947;&#x935;&#x93E;&#x921;&#x940;),</subfield>
    <subfield code="b">&#x92E;&#x941;&#x92E;&#x94D;&#x92C;&#x908;</subfield>
    <subfield code="e">400004</subfield>
    <subfield code="k">23860170, 23863863</subfield>
    <subfield code="l">022-23877178</subfield>
  </datafield>
  <datafield tag="300" ind1=" " ind2=" ">
    <subfield code="a">&#x935;&#x93F;. &#x92A;&#x943;</subfield>
    <subfield code="c">24&#x938;&#x947;&#x92E;&#x940;(&#x905;&#x91C;&#x93F;&#x932;&#x94D;&#x926;)</subfield>
  </datafield>
  <datafield tag="650" ind1=" " ind2=" ">
    <subfield code="a">&#x932;&#x93E;&#x917;&#x924; &#x932;&#x947;&#x916;&#x93E;&#x902;&#x915;&#x928;</subfield>
  </datafield>
  <datafield tag="650" ind1=" " ind2=" ">
    <subfield code="a">Cost accounting</subfield>
  </datafield>
  <datafield tag="700" ind1=" " ind2=" ">
    <subfield code="a">&#x915;&#x924;&#x92F;&#x93E;&#x932;, &#x92A;&#x94D;&#x930;&#x93F;&#x92F;&#x902;&#x915;&#x93E;</subfield>
  </datafield>
  <datafield tag="942" ind1=" " ind2=" ">
    <subfield code="2">ddc</subfield>
    <subfield code="c">HN</subfield>
    <subfield code="m">&#x905;&#x930;&#x94B;&#x921;&#x93C;&#x93E;</subfield>
    <subfield code="h">657.42</subfield>
  </datafield>
  <datafield tag="999" ind1=" " ind2=" ">
    <subfield code="c">19742</subfield>
    <subfield code="d">19742</subfield>
  </datafield>
  <datafield tag="952" ind1=" " ind2=" ">
    <subfield code="0">0</subfield>
    <subfield code="1">0</subfield>
    <subfield code="2">ddc</subfield>
    <subfield code="4">0</subfield>
    <subfield code="7">1</subfield>
    <subfield code="a">DBAD</subfield>
    <subfield code="b">DBAD</subfield>
    <subfield code="d">2008-12-12</subfield>
    <subfield code="g">260.00</subfield>
    <subfield code="l">0</subfield>
    <subfield code="o">657.42 &#x905;&#x930;&#x94B;&#x921;&#x93C;&#x93E;</subfield>
    <subfield code="p">HN-57775</subfield>
    <subfield code="r">2008-12-12 00:00:00</subfield>
    <subfield code="t">1</subfield>
    <subfield code="v">260.00</subfield>
    <subfield code="w">2008-12-12</subfield>
    <subfield code="y">HN</subfield>
  </datafield>
</record>
